000 00710nam a2200193Ii 4500
003 JO-AjNU
008 230605s9999||||xx |||||||||||||| ||und||
040 _aJO-AjNU
_bara
_erda
_cJO-AjNU
041 _aara
050 1 4 _aG62. S5282 1986
100 3 _aالشامي، صلاح الدين علي، م.مشارك الصقار، فؤاد محمد,
_eauthor
_914712
245 0 0 _aالموارد: دراسة في الجغرافيا الاقتصادية
264 3 1 _a الاسكندرية: منشاة المعارف، 1986
300 _a429ص
336 _atext
_btxt
_2rdacontent
337 _aunmediated
_bn
_2rdamedia
338 _avolume
_bnc
_2rdacarrier
650 4 _aالجغرافيا السياسية
_914713
999 _aA3988
_c7556
_d7556